[Event "24th Barcelona Open-A 2019"]
[Site "Barcelona"]
[Date "2019.10.04"]
[Round "8.6"]
[White "Edouard, Romain"]
[Black "Ladron De Guevara Pinto, Paolo"]
[Result "1-0"]
[WhiteElo "2640"]
[BlackElo "2447"]
[Annotator "ChessBase"]
[PlyCount "67"]
[EventDate "2019.09.27"]
[EventType "swiss"]
[EventCountry "ESP"]
[SourceTitle "playchess.com"]
[Source "ChessBase"]
[SourceQuality "1"]
[TimeControl "5400+30"]

1. c4 {[%emt 0:00:00]} e6 {[%emt 0:00:00]} 2. g3 {[%emt 0:00:39]} d5 {[%emt 0:00:00]} 3. Bg2 {[%emt 0:00:04]} Nf6 {[%emt 0:00:00]} 4. Nf3 {[%emt 0:00:03]} Be7 {[%emt 0:00:00]} 5. O-O {[%emt 0:00:05]} O-O {[%emt 0:00:00]} 6. d4 {[%emt 0:00:18]} dxc4 {[%emt 0:00:06]} 7. Qc2 {[%emt 0:00:03]} b5 {[%emt 0:00:07]} 8. a4 {[%emt 0:02:21]} b4 {[%emt 0:00:06]} 9. Nfd2 {[%emt 0:00:56]} Nd5 {[%emt 0:00:05]} 10. Nxc4 {[%emt 0:00:34]} Ba6 {[%emt 0:01:13]} 11. Rd1 {[%emt 0:05:45]} c5 {[%emt 0:00:16]} 12. e4 {[%emt 0:17:06]} Nf6 {[%emt 0:00:49]} 13. d5 {[%emt 0:01:51]} Bxc4 {[%emt 0:12:54]} 14. Qxc4 {[%emt 0:01:10]} Nc6 {[%emt 0:04:38]} 15. Bf4 {[%emt 0:22:27]} e5 {[%emt 0:15:16]} 16. Qf1 {[%emt 0:01:21]} exf4 {[%emt 0:01:38]} 17. dxc6 {[%emt 0:00:02]} Qc7 {[%emt 0:01:41]} 18. Nd2 {[%emt 0:00:05]} Ng4 {[%emt 0:01:42]} 19. Nc4 {[%emt 0:03:36]} fxg3 {[%emt 0:24:31]} 20. hxg3 {[%emt 0:00:19]} Qxc6 {[%emt 0:02:57]} 21. e5 {[%emt 0:00:07]} Qh6 {[%emt 0:00:03]} 22. Qe2 {[%emt 0:00:03]} Qh2+ {[%emt 0:03:37]} 23. Kf1 {[%emt 0:00:04]} Qh5 {[%emt 0:00:41]} 24. Bxa8 {[%emt 0:00:26]} Rxa8 {[%emt 0:00:04]} 25. Qe4 {[%emt 0:00:06]} Rf8 {[%emt 0:01:40]} 26. Rd5 {[%emt 0:10:06]} Nh2+ {[%emt 0:05:14]} 27. Kg2 {[%emt 0:00:15]} Ng4 {[%emt 0:00:03]} 28. Qf3 {[%emt 0:00:41]} f5 {[%emt 0:08:16]} 29. Rh1 {[%emt 0:00:52]} Qg6 {[%emt 0:00:12]} 30. Qd3 {[%emt 0:03:07]} f4 {[%emt 0:00:31]} 31. Qxg6 {[%emt 0:00:22]} f3+ {[%emt 0:00:04]} 32. Kf1 {[%emt 0:00:17]} hxg6 {[%emt 0:00:04]} 33. Rd7 {[%emt 0:01:06]} Kf7 {[%emt 0:01:36]} 34. Rh4 {[%emt 0:00:11]} 1-0

[Event "24th Barcelona Open-A 2019"]
[Site "Barcelona"]
[Date "2019.10.04"]
[Round "8.7"]
[White "Ivanisevic, Ivan"]
[Black "Krishna Teja, N."]
[Result "1-0"]
[WhiteElo "2618"]
[BlackElo "2364"]
[Annotator "ChessBase"]
[PlyCount "197"]
[EventDate "2019.09.27"]
[EventType "swiss"]
[EventCountry "ESP"]
[SourceTitle "playchess.com"]
[Source "ChessBase"]
[SourceQuality "1"]
[TimeControl "5400+30"]

1. c4 {[%emt 0:01:08]} c5 {[%emt 0:16:01]} 2. g3 {[%emt 0:00:25]} g6 {[%emt 0:01:05]} 3. Bg2 {[%emt 0:00:06]} Bg7 {[%emt 0:00:03]} 4. Nc3 {[%emt 0:00:08]} Nc6 {[%emt 0:00:06]} 5. b3 {[%emt 0:00:11]} b6 {[%emt 0:02:37]} 6. Bb2 {[%emt 0:00:40]} Bb7 {[%emt 0:02:02]} 7. Qb1 {[%emt 0:01:35]} d6 {[%emt 0:11:43]} 8. Nd5 {[%emt 0:03:55]} e5 {[%emt 0:01:10]} 9. f4 {[%emt 0:02:24]} Nge7 {[%emt 0:00:48]} 10. e3 Nxd5 {[%emt 0:03:06]} 11. Bxd5 {[%emt 0:07:08]} Qd7 {[%emt 0:00:34]} 12. Nf3 {[%emt 0:01:09]} Ne7 {[%emt 0:06:52]} 13. Bxb7 {[%emt 0:01:11]} Qxb7 {[%emt 0:00:10]} 14. O-O {[%emt 0:00:04]} f6 {[%emt 0:01:46]} 15. d4 {[%emt 0:04:21]} O-O {[%emt 0:05:01]} 16. d5 {[%emt 0:04:08]} b5 {[%emt 0:03:26]} 17. Bc3 {[%emt 0:02:09]} a5 {[%emt 0:04:07]} 18. a4 {[%emt 0:03:04]} b4 {[%emt 0:00:13]} 19. Bb2 {[%emt 0:05:48]} Qd7 {[%emt 0:00:56]} 20. Qd3 {[%emt 0:01:23]} Qf5 {[%emt 0:05:50]} 21. e4 {[%emt 0:02:03]} Qg4 {[%emt 0:02:30]} 22. Nh4 {[%emt 0:03:02]} g5 {[%emt 0:04:44]} 23. Ng2 {[%emt 0:03:24]} Qh3 {[%emt 0:02:10]} 24. Rf3 {[%emt 0:03:47]} Rf7 {[%emt 0:02:04]} 25. Raf1 {[%emt 0:01:43]} Raf8 {[%emt 0:00:07]} 26. g4 {[%emt 0:06:06]} Qxg4 {[%emt 0:03:39]} 27. f5 {[%emt 0:00:06]} Ng6 {[%emt 0:00:56]} 28. Rg3 {[%emt 0:03:07]} Qh5 {[%emt 0:00:29]} 29. fxg6 {[%emt 0:00:07]} hxg6 {[%emt 0:00:55]} 30. Bc1 {[%emt 0:05:36]} g4 {[%emt 0:02:16]} 31. h3 {[%emt 0:01:55]} f5 {[%emt 0:01:25]} 32. Qd1 {[%emt 0:02:30]} Qh7 {[%emt 0:05:06]} 33. hxg4 {[%emt 0:02:27]} f4 {[%emt 0:00:07]} 34. Rgf3 {[%emt 0:00:06]} g5 {[%emt 0:00:08]} 35. Qd3 {[%emt 0:00:12]} Rf6 {[%emt 0:01:09]} 36. Rh3 {[%emt 0:02:25]} Rh6 {[%emt 0:00:03]} 37. Rxh6 {[%emt 0:00:14]} Qxh6 {[%emt 0:03:23]} 38. Rf3 {[%emt 0:00:16]} Kf7 {[%emt 0:00:09]} 39. Rh3 {[%emt 0:00:55]} Qg6 {[%emt 0:00:02]} 40. Rh5 {[%emt 0:02:01]} Rh8 {[%emt 0:01:21]} 41. Qf3 {[%emt 0:00:05]} Bf6 {[%emt 0:00:29]} 42. Ne1 {[%emt 0:00:54]} Rc8 {[%emt 0:03:36]} 43. Nd3 {[%emt 0:00:25]} Kg7 {[%emt 0:00:06]} 44. Bd2 {[%emt 0:00:43]} Rc7 {[%emt 0:00:00]} 45. Nf2 {[%emt 0:00:18]} Rc8 {[%emt 0:00:53]} 46. Qh1 {[%emt 0:01:12]} Be7 {[%emt 0:00:16]} 47. Kg2 {[%emt 0:00:12]} Bf6 {[%emt 0:00:11]} 48. Kf3 {[%emt 0:00:05]} Be7 {[%emt 0:00:07]} 49. Nd3 {[%emt 0:01:34]} Bf6 {[%emt 0:00:23]} 50. Bc1 {[%emt 0:00:19]} Be7 {[%emt 0:00:16]} 51. Bb2 {[%emt 0:00:07]} Bf6 {[%emt 0:00:24]} 52. Qg1 {[%emt 0:00:37]} Rc7 {[%emt 0:00:37]} 53. Bc1 {[%emt 0:03:03]} Rc8 {[%emt 0:01:07]} 54. Bd2 {[%emt 0:00:06]} Be7 {[%emt 0:00:24]} 55. Be1 {[%emt 0:00:22]} Rh8 {[%emt 0:01:24]} 56. Qh2 {[%emt 0:00:20]} Rxh5 {[%emt 0:02:19]} 57. Qxh5 {[%emt 0:00:10]} Bd8 {[%emt 0:00:17]} 58. Bd2 {[%emt 0:00:46]} Be7 {[%emt 0:00:39]} 59. Bc1 {[%emt 0:01:14]} Bd8 {[%emt 0:00:21]} 60. Bb2 {[%emt 0:00:15]} Bf6 {[%emt 0:00:15]} 61. Bc1 {[%emt 0:03:57]} Be7 {[%emt 0:00:15]} 62. Bd2 {[%emt 0:00:07]} Bd8 {[%emt 0:00:09]} 63. Be1 {[%emt 0:00:10]} Bc7 {[%emt 0:00:11]} 64. Bf2 {[%emt 0:00:23]} Bb6 {[%emt 0:00:05]} 65. Bg1 {[%emt 0:00:54]} Ba7 {[%emt 0:00:07]} 66. Nf2 {[%emt 0:09:17]} Bb6 {[%emt 0:00:05]} 67. Ke2 {[%emt 0:00:06]} Bc7 {[%emt 0:00:51]} 68. Qh1 {[%emt 0:00:29]} Bd8 {[%emt 0:00:48]} 69. Nd3 {[%emt 0:00:13]} Bb6 {[%emt 0:00:13]} 70. Bf2 {[%emt 0:00:18]} Ba7 {[%emt 0:00:39]} 71. Kd2 {[%emt 0:01:13]} Bb6 {[%emt 0:00:16]} 72. Ne1 {[%emt 0:01:12]} Qh7 {[%emt 0:02:39]} 73. Qg2 {[%emt 0:00:58]} Kf6 {[%emt 0:00:30]} 74. Kd3 {[%emt 0:00:05]} Kg6 {[%emt 0:00:28]} 75. Nf3 {[%emt 0:00:07]} Qh8 {[%emt 0:00:16]} 76. Be1 {[%emt 0:02:13]} Bd8 {[%emt 0:00:20]} 77. Bd2 {[%emt 0:00:05]} Bc7 {[%emt 0:00:33]} 78. Kc2 {[%emt 0:01:28]} Bd8 {[%emt 0:00:24]} 79. Ne1 {[%emt 0:00:45]} Bb6 {[%emt 0:00:54]} 80. Nd3 {[%emt 0:00:05]} Bc7 {[%emt 0:00:27]} 81. Be1 {[%emt 0:00:13]} Bb6 {[%emt 0:00:44]} 82. Bf2 {[%emt 0:00:07]} Kf6 {[%emt 0:00:32]} 83. Kd1 {[%emt 0:01:28]} Kg6 {[%emt 0:00:42]} 84. Ke2 {[%emt 0:00:26]} Kf6 {[%emt 0:00:38]} 85. Ne1 {[%emt 0:00:40]} Qh7 {[%emt 0:00:24]} 86. Kf1 {[%emt 0:00:23]} Qh8 {[%emt 0:00:21]} 87. Nf3 {[%emt 0:00:18]} Kg6 {[%emt 0:00:14]} 88. Kg1 {[%emt 0:00:49]} Ba7 {[%emt 0:00:37]} 89. Bh4 {[%emt 0:00:56]} gxh4 {[%emt 0:01:38]} 90. g5 {[%emt 0:00:38]} Qh5 {[%emt 0:01:32]} 91. Qh3 {[%emt 0:00:07]} Bb8 {[%emt 0:00:21]} 92. Kf2 {[%emt 0:00:14]} Kg7 {[%emt 0:00:26]} 93. Qd7+ {[%emt 0:02:37]} Kg8 {[%emt 0:00:53]} 94. Qc8+ {[%emt 0:00:18]} Kg7 {[%emt 0:00:06]} 95. Qb7+ {[%emt 0:00:17]} Qf7 {[%emt 0:00:28]} 96. Qxb8 {[%emt 0:00:21]} Qd7 {[%emt 0:00:02]} 97. Nxh4 {[%emt 0:00:19]} Qh3 {[%emt 0:00:21]} 98. Nf5+ {[%emt 0:00:32]} Kf7 {[%emt 0:00:04]} 99. Qc7+ {[%emt 0:00:07]} 1-0

[Event "24th Barcelona Open-A 2019"]
[Site "Barcelona"]
[Date "2019.10.04"]
[Round "8.8"]
[White "Perez Mitjans, Orelvis"]
[Black "Moussard, Jules"]
[Result "1-0"]
[WhiteElo "2409"]
[BlackElo "2608"]
[Annotator "ChessBase"]
[PlyCount "87"]
[EventDate "2019.09.27"]
[EventType "swiss"]
[EventCountry "ESP"]
[SourceTitle "playchess.com"]
[Source "ChessBase"]
[SourceQuality "1"]
[TimeControl "5400+30"]

1. e4 {[%emt 0:00:00]} c5 {[%emt 0:00:00]} 2. Nf3 {[%emt 0:00:00]} d6 {[%emt 0:00:00]} 3. Bb5+ {[%emt 0:00:05]} Bd7 {[%emt 0:00:00]} 4. Bxd7+ {[%emt 0:00:40]} Nxd7 {[%emt 0:00:05]} 5. c4 {[%emt 0:00:35]} Ngf6 {[%emt 0:11:46]} 6. O-O {[%emt 0:00:08]} Nxe4 {[%emt 0:05:51]} 7. d4 {[%emt 0:00:10]} e6 {[%emt 0:01:22]} 8. dxc5 {[%emt 0:08:40]} Nexc5 {[%emt 0:06:04]} 9. Nc3 {[%emt 0:12:34]} Nf6 {[%emt 0:01:00]} 10. b4 {[%emt 0:08:58]} Nce4 {[%emt 0:01:34]} 11. Nxe4 {[%emt 0:00:37]} Nxe4 {[%emt 0:00:05]} 12. Bb2 {[%emt 0:00:16]} Nf6 {[%emt 0:08:31]} 13. Bxf6 {[%emt 0:00:10]} gxf6 {[%emt 0:00:04]} 14. Nd4 {[%emt 0:06:04]} Qd7 {[%emt 0:00:13]} 15. Qh5 {[%emt 0:01:47]} O-O-O {[%emt 0:03:33]} 16. Rfd1 {[%emt 0:04:44]} Kb8 {[%emt 0:02:11]} 17. c5 {[%emt 0:08:58]} e5 {[%emt 0:06:22]} 18. Nf5 {[%emt 0:06:10]} d5 {[%emt 0:00:26]} 19. Rac1 {[%emt 0:00:39]} Rc8 {[%emt 0:03:34]} 20. a3 {[%emt 0:09:54]} d4 {[%emt 0:02:09]} 21. h4 {[%emt 0:00:48]} h6 {[%emt 0:05:15]} 22. g3 {[%emt 0:03:32]} Rg8 {[%emt 0:02:01]} 23. Rb1 {[%emt 0:00:34]} Rg6 {[%emt 0:02:30]} 24. Rbc1 {[%emt 0:04:07]} Qc6 {[%emt 0:05:38]} 25. Qe2 {[%emt 0:03:07]} Qe6 {[%emt 0:00:10]} 26. Qf3 {[%emt 0:01:02]} e4 {[%emt 0:01:48]} 27. Qf4+ {[%emt 0:01:03]} Qe5 {[%emt 0:00:15]} 28. Kf1 {[%emt 0:01:28]} Qxf4 {[%emt 0:01:42]} 29. gxf4 {[%emt 0:00:36]} Rg4 {[%emt 0:00:40]} 30. Rxd4 {[%emt 0:00:44]} Rxf4 {[%emt 0:00:04]} 31. Rd5 {[%emt 0:00:48]} a5 {[%emt 0:02:06]} 32. b5 e3 {[%emt 0:03:07]} 33. Nxe3 {[%emt 0:02:20]} Rxh4 {[%emt 0:00:05]} 34. Rc3 {[%emt 0:00:24]} Ra4 {[%emt 0:08:11]} 35. c6 {[%emt 0:02:32]} bxc6 {[%emt 0:01:38]} 36. bxc6 {[%emt 0:00:05]} Rxa3 {[%emt 0:01:00]} 37. Rb5+ {[%emt 0:00:53]} Kc7 {[%emt 0:00:17]} 38. Rb7+ {[%emt 0:00:09]} Kd8 {[%emt 0:00:05]} 39. Rc4 {[%emt 0:03:15]} Rd3 {[%emt 0:01:43]} 40. Rg4 {[%emt 0:00:48]} Rxc6 {[%emt 0:04:16]} 41. Rg8 {[%emt 0:00:08]} Rd7 {[%emt 0:01:05]} 42. Rxf8+ {[%emt 0:00:35]} Ke7 {[%emt 0:00:01]} 43. Nf5+ {[%emt 0:00:22]} Ke6 {[%emt 0:00:02]} 44. Re8+ {[%emt 0:00:07]} 1-0

[Event "24th Barcelona Open-A 2019"]
[Site "Barcelona"]
[Date "2019.10.04"]
[Round "8.9"]
[White "Shevchenko, Kirill"]
[Black "Cruz, Jonathan"]
[Result "1-0"]
[WhiteElo "2541"]
[BlackElo "2409"]
[Annotator "ChessBase"]
[PlyCount "87"]
[EventDate "2019.09.27"]
[EventType "swiss"]
[EventCountry "ESP"]
[SourceTitle "playchess.com"]
[Source "ChessBase"]
[SourceQuality "1"]
[TimeControl "5400+30"]

1. e4 {[%emt 0:00:00]} e5 {[%emt 0:25:23]} 2. Nf3 {[%emt 0:00:00]} Nc6 {[%emt 0:01:41]} 3. Bb5 {[%emt 0:00:00]} a6 {[%emt 0:00:03]} 4. Ba4 {[%emt 0:00:00]} Nf6 {[%emt 0:00:03]} 5. O-O {[%emt 0:00:00]} Be7 {[%emt 0:00:03]} 6. Re1 {[%emt 0:00:00]} b5 {[%emt 0:00:03]} 7. Bb3 {[%emt 0:00:00]} d6 {[%emt 0:00:04]} 8. c3 {[%emt 0:00:00]} O-O {[%emt 0:00:07]} 9. h3 {[%emt 0:00:02]} Na5 {[%emt 0:00:35]} 10. Bc2 {[%emt 0:00:05]} c5 {[%emt 0:00:08]} 11. d4 {[%emt 0:00:30]} Nd7 {[%emt 0:00:13]} 12. d5 {[%emt 0:03:22]} Nb6 {[%emt 0:02:44]} 13. Nbd2 {[%emt 0:05:38]} Bd7 {[%emt 0:01:38]} 14. Nf1 {[%emt 0:03:36]} f5 {[%emt 0:06:34]} 15. exf5 {[%emt 0:03:26]} Bxf5 {[%emt 0:00:05]} 16. Bxf5 {[%emt 0:06:50]} Rxf5 {[%emt 0:00:06]} 17. Ne3 {[%emt 0:18:54]} Rf7 {[%emt 0:00:28]} 18. Nd2 {[%emt 0:07:38]} Bg5 {[%emt 0:12:37]} 19. Ne4 {[%emt 0:02:13]} Bf4 {[%emt 0:03:32]} 20. b3 {[%emt 0:10:07]} c4 {[%emt 0:13:15]} 21. g3 {[%emt 0:10:36]} Bh6 {[%emt 0:03:18]} 22. Ba3 {[%emt 0:03:59]} Bxe3 {[%emt 0:04:36]} 23. Rxe3 {[%emt 0:05:07]} Nb7 {[%emt 0:01:08]} 24. Rf3 {[%emt 0:03:14]} Rxf3 {[%emt 0:10:12]} 25. Qxf3 {[%emt 0:00:04]} Qd7 {[%emt 0:00:12]} 26. Rd1 {[%emt 0:02:49]} a5 {[%emt 0:05:21]} 27. Qe3 {[%emt 0:03:27]} Qc7 {[%emt 0:00:47]} 28. Ng5 {[%emt 0:02:31]} Nd8 {[%emt 0:04:06]} 29. Ne6 {[%emt 0:02:28]} Nxe6 {[%emt 0:02:22]} 30. dxe6 {[%emt 0:00:03]} b4 {[%emt 0:01:18]} 31. cxb4 {[%emt 0:01:09]} a4 {[%emt 0:00:06]} 32. b5 {[%emt 0:03:36]} d5 {[%emt 0:01:23]} 33. Bc5 {[%emt 0:01:45]} d4 {[%emt 0:00:50]} 34. Bxb6 {[%emt 0:00:03]} Qxb6 {[%emt 0:00:05]} 35. Qxe5 {[%emt 0:00:03]} axb3 {[%emt 0:00:18]} 36. axb3 {[%emt 0:00:27]} c3 {[%emt 0:01:52]} 37. e7 {[%emt 0:01:42]} Re8 {[%emt 0:00:14]} 38. Qd5+ {[%emt 0:00:53]} Kh8 {[%emt 0:00:06]} 39. Qf7 {[%emt 0:00:25]} Qb8 {[%emt 0:00:59]} 40. Rxd4 {[%emt 0:00:18]} c2 {[%emt 0:00:03]} 41. Rc4 {[%emt 0:00:17]} h6 {[%emt 0:00:09]} 42. Rxc2 {[%emt 0:00:16]} Qxb5 {[%emt 0:00:04]} 43. Rd2 {[%emt 0:00:46]} Kh7 {[%emt 0:00:05]} 44. Rd8 1-0

[Event "24th Barcelona Open-A 2019"]
[Site "Barcelona"]
[Date "2019.10.04"]
[Round "8.10"]
[White "Aroshidze, Levan"]
[Black "Bharath Subramaniyam H"]
[Result "1/2-1/2"]
[WhiteElo "2517"]
[BlackElo "2417"]
[Annotator "ChessBase"]
[PlyCount "75"]
[EventDate "2019.09.27"]
[EventType "swiss"]
[EventCountry "ESP"]
[SourceTitle "playchess.com"]
[Source "ChessBase"]
[SourceQuality "1"]
[TimeControl "5400+30"]

1. e4 {[%emt 0:00:00]} c5 {[%emt 0:00:00]} 2. Nf3 {[%emt 0:00:00]} Nc6 {[%emt 0:00:56]} 3. d4 {[%emt 0:00:17]} cxd4 {[%emt 0:00:07]} 4. Nxd4 {[%emt 0:00:05]} Nf6 {[%emt 0:00:19]} 5. Nc3 {[%emt 0:00:07]} e5 {[%emt 0:00:23]} 6. Ndb5 {[%emt 0:00:05]} d6 {[%emt 0:00:06]} 7. Bg5 {[%emt 0:00:08]} a6 {[%emt 0:00:07]} 8. Na3 {[%emt 0:00:05]} b5 {[%emt 0:00:07]} 9. Nd5 {[%emt 0:00:05]} Be7 {[%emt 0:00:08]} 10. Bxf6 {[%emt 0:00:07]} Bxf6 {[%emt 0:00:05]} 11. c4 {[%emt 0:00:11]} b4 {[%emt 0:00:56]} 12. Nc2 {[%emt 0:00:06]} O-O {[%emt 0:00:12]} 13. g3 {[%emt 0:00:05]} Bg5 {[%emt 0:00:13]} 14. Bg2 {[%emt 0:00:30]} Qa5 {[%emt 0:01:18]} 15. O-O {[%emt 0:02:55]} Qc5 {[%emt 0:00:37]} 16. Qd3 {[%emt 0:00:17]} Be6 {[%emt 0:01:51]} 17. h4 {[%emt 0:07:32]} Bd8 {[%emt 0:05:23]} 18. Rfd1 {[%emt 0:13:56]} Bb6 {[%emt 0:06:03]} 19. Qe2 {[%emt 0:00:44]} Rad8 {[%emt 0:04:26]} 20. Rd2 {[%emt 0:03:18]} Ba7 {[%emt 0:02:06]} 21. b3 {[%emt 0:05:05]} a5 {[%emt 0:08:14]} 22. Nc7 {[%emt 0:12:07]} a4 {[%emt 0:10:06]} 23. Nb5 {[%emt 0:01:40]} Na5 {[%emt 0:03:14]} 24. Ne3 {[%emt 0:16:07]} axb3 {[%emt 0:08:41]} 25. axb3 {[%emt 0:03:48]} Nxb3 {[%emt 0:04:04]} 26. Rxa7 {[%emt 0:00:09]} Nxd2 {[%emt 0:00:23]} 27. Rc7 {[%emt 0:05:22]} Bxc4 {[%emt 0:03:26]} 28. Qxd2 {[%emt 0:00:08]} Qxb5 {[%emt 0:00:07]} 29. Rxc4 {[%emt 0:00:04]} Rb8 {[%emt 0:01:07]} 30. Bf1 {[%emt 0:08:13]} b3 {[%emt 0:01:50]} 31. Qb2 {[%emt 0:00:32]} Qa5 {[%emt 0:01:22]} 32. Rc1 {[%emt 0:00:29]} Qa2 {[%emt 0:01:50]} 33. Qxa2 {[%emt 0:07:27]} bxa2 {[%emt 0:00:39]} 34. Ra1 {[%emt 0:00:04]} Rb2 {[%emt 0:00:54]} 35. Nc4 {[%emt 0:00:46]} Rc2 {[%emt 0:00:34]} 36. Ne3 {[%emt 0:00:29]} Rb2 {[%emt 0:00:20]} 37. Nc4 {[%emt 0:00:34]} Rc2 {[%emt 0:00:21]} 38. Ne3 {[%emt 0:00:13]} 1/2-1/2

[Event "24th Barcelona Open-A 2019"]
[Site "Barcelona"]
[Date "2019.10.04"]
[Round "8.11"]
[White "Priasmoro, Novendra"]
[Black "Song, Raymond"]
[Result "1-0"]
[WhiteElo "2484"]
[BlackElo "2456"]
[Annotator "ChessBase"]
[PlyCount "141"]
[EventDate "2019.09.27"]
[EventType "swiss"]
[EventCountry "ESP"]
[SourceTitle "playchess.com"]
[Source "ChessBase"]
[SourceQuality "1"]
[TimeControl "5400+30"]

1. e4 {[%emt 0:00:00]} c5 {[%emt 0:00:00]} 2. Nf3 {[%emt 0:00:00]} g6 {[%emt 0:00:15]} 3. c3 {[%emt 0:00:12]} d5 {[%emt 0:00:09]} 4. e5 {[%emt 0:00:06]} Nc6 {[%emt 0:00:09]} 5. d4 {[%emt 0:00:05]} cxd4 {[%emt 0:00:05]} 6. cxd4 {[%emt 0:00:04]} Bg4 {[%emt 0:00:06]} 7. Bb5 {[%emt 0:02:13]} Rc8 {[%emt 0:00:06]} 8. O-O {[%emt 0:01:00]} a6 {[%emt 0:00:04]} 9. Bxc6+ {[%emt 0:00:23]} Rxc6 {[%emt 0:00:08]} 10. h3 {[%emt 0:00:10]} Rxc1 {[%emt 0:16:29]} 11. Qxc1 {[%emt 0:01:29]} Bxf3 {[%emt 0:00:05]} 12. gxf3 {[%emt 0:00:05]} Bh6 {[%emt 0:02:35]} 13. f4 {[%emt 0:05:36]} e6 {[%emt 0:01:24]} 14. Nc3 {[%emt 0:00:20]} Ne7 {[%emt 0:05:37]} 15. Ne2 {[%emt 0:00:09]} O-O {[%emt 0:00:27]} 16. Qc3 {[%emt 0:00:22]} f6 {[%emt 0:02:16]} 17. Kh2 {[%emt 0:00:46]} Nf5 {[%emt 0:02:45]} 18. Rg1 {[%emt 0:09:40]} fxe5 {[%emt 0:01:14]} 19. dxe5 {[%emt 0:04:35]} Qb6 {[%emt 0:06:20]} 20. Raf1 {[%emt 0:02:20]} Qb5 {[%emt 0:08:35]} 21. Qc2 {[%emt 0:04:20]} Ne7 {[%emt 0:00:34]} 22. a4 {[%emt 0:07:53]} Qb4 {[%emt 0:01:12]} 23. Rg4 {[%emt 0:00:26]} Rc8 {[%emt 0:02:04]} 24. Qd3 {[%emt 0:00:11]} Nf5 {[%emt 0:06:38]} 25. b3 {[%emt 0:01:45]} Kf7 {[%emt 0:00:52]} 26. Rfg1 {[%emt 0:08:28]} Bf8 {[%emt 0:02:25]} 27. Kh1 {[%emt 0:06:57]} Be7 {[%emt 0:00:07]} 28. Rd1 {[%emt 0:01:45]} Qb6 {[%emt 0:00:28]} 29. Rf1 {[%emt 0:04:49]} Rc6 {[%emt 0:00:35]} 30. Rgg1 {[%emt 0:02:20]} Qb4 {[%emt 0:02:56]} 31. Rc1 {[%emt 0:01:35]} Bc5 {[%emt 0:00:27]} 32. Rgf1 {[%emt 0:03:27]} Ke7 {[%emt 0:00:52]} 33. Rc3 {[%emt 0:00:45]} Kd7 {[%emt 0:00:09]} 34. Qc2 {[%emt 0:02:51]} Nd4 {[%emt 0:05:59]} 35. Nxd4 {[%emt 0:00:15]} Qxd4 {[%emt 0:02:10]} 36. Rc1 {[%emt 0:05:33]} b6 {[%emt 0:05:08]} 37. Rc4 {[%emt 0:01:10]} dxc4 {[%emt 0:01:25]} 38. Rd1 {[%emt 0:00:18]} c3 {[%emt 0:00:46]} 39. Rxd4+ {[%emt 0:03:58]} Bxd4 {[%emt 0:00:01]} 40. Kg2 {[%emt 0:00:16]} b5 {[%emt 0:01:11]} 41. axb5 {[%emt 0:01:05]} axb5 {[%emt 0:00:01]} 42. Kf3 {[%emt 0:02:09]} b4 {[%emt 0:00:40]} 43. h4 {[%emt 0:00:21]} Bb6 {[%emt 0:04:07]} 44. h5 {[%emt 0:03:05]} Kc8 {[%emt 0:01:23]} 45. hxg6 {[%emt 0:00:56]} hxg6 46. Ke2 {[%emt 0:01:20]} Kb8 {[%emt 0:05:24]} 47. Kd1 {[%emt 0:01:36]} Rc7 {[%emt 0:00:20]} 48. Kc1 {[%emt 0:03:31]} Ka7 {[%emt 0:01:02]} 49. Qa2+ {[%emt 0:03:05]} Kb7 {[%emt 0:00:17]} 50. Qa4 {[%emt 0:02:56]} c2 {[%emt 0:01:16]} 51. Qxb4 {[%emt 0:00:04]} Rc5 {[%emt 0:03:06]} 52. Qe4+ {[%emt 0:00:14]} Rc6 {[%emt 0:00:23]} 53. b4 {[%emt 0:01:06]} Kc7 {[%emt 0:00:00]} 54. b5 {[%emt 0:00:42]} Rc3 {[%emt 0:00:06]} 55. Qb4 {[%emt 0:00:36]} Rc5 {[%emt 0:00:02]} 56. Qd4 {[%emt 0:00:21]} Kb7 {[%emt 0:01:29]} 57. Qe4+ {[%emt 0:01:01]} Ka7 {[%emt 0:00:11]} 58. Qxg6 {[%emt 0:01:25]} Rc7 {[%emt 0:00:55]} 59. Qxe6 {[%emt 0:00:43]} Bxf2 {[%emt 0:00:14]} 60. Qb3 {[%emt 0:00:46]} Kb6 {[%emt 0:04:11]} 61. f5 {[%emt 0:00:31]} Bh4 {[%emt 0:02:52]} 62. Qe3+ {[%emt 0:00:53]} Kxb5 {[%emt 0:00:01]} 63. f6 {[%emt 0:00:15]} Rc5 {[%emt 0:02:48]} 64. Qh6 {[%emt 0:02:04]} Be1 {[%emt 0:01:31]} 65. f7 {[%emt 0:01:46]} Bb4 {[%emt 0:00:03]} 66. Qe3 {[%emt 0:00:08]} Rc7 {[%emt 0:01:39]} 67. Qb3 {[%emt 0:00:52]} Ka5 {[%emt 0:03:51]} 68. Qxb4+ {[%emt 0:00:16]} Kxb4 {[%emt 0:00:01]} 69. f8=Q+ {[%emt 0:00:13]} Kc3 {[%emt 0:00:08]} 70. Qa3+ {[%emt 0:00:13]} Kc4 {[%emt 0:00:08]} 71. Qd6 {[%emt 0:00:08] Kd5} 1-0

[Event "24th Barcelona Open-A 2019"]
[Site "Barcelona"]
[Date "2019.10.04"]
[Round "8.12"]
[White "Cuhendi, Sean Winshand"]
[Black "Vehi Bach, Victor Manuel"]
[Result "1-0"]
[WhiteElo "2425"]
[BlackElo "2331"]
[Annotator "NA"]
[PlyCount "79"]
[EventDate "2019.09.27"]
[EventType "swiss"]
[EventCountry "ESP"]
[SourceTitle "playchess.com"]
[Source "ChessBase"]
[SourceQuality "1"]
[TimeControl "5400+30"]

1. e4 c5 {[%emt 0:00:00]} 2. Nf3 {[%emt 0:01:45]} e6 {[%emt 0:00:00]} 3. d4 {[%emt 0:00:24]} cxd4 {[%emt 0:00:00]} 4. Nxd4 {[%emt 0:00:07]} Nf6 {[%emt 0:00:02]} 5. Nc3 {[%emt 0:00:11]} d6 {[%emt 0:00:08]} 6. Be3 {[%emt 0:00:48]} Be7 {[%emt 0:00:31]} 7. g4 h5 {[%emt 0:01:22]} 8. gxh5 {[%emt 0:01:47]} Rxh5 {[%emt 0:00:40]} 9. Be2 {[%emt 0:03:34]} Rh3 {[%emt 0:06:29]} 10. Qd2 {[%emt 0:12:28]} a6 11. O-O-O b5 {[%emt 0:18:34]} 12. f3 {[%emt 0:12:30]} Bb7 {[%emt 0:14:16]} 13. Rhg1 {[%emt 0:04:17]} g6 14. Bd3 e5 {[%emt 0:26:14]} 15. Qg2 {[%emt 0:21:08]} Rh8 {[%emt 0:00:51]} 16. Nb3 {[%emt 0:02:47]} Nbd7 {[%emt 0:00:18]} 17. f4 {[%emt 0:02:45]} Qc7 18. Kb1 {[%emt 0:05:32]} O-O-O {[%emt 0:09:50]} 19. Qe2 {[%emt 0:02:18]} Nc5 20. a4 {[%emt 0:07:20]} Nxa4 {[%emt 0:09:32]} 21. Nxa4 {[%emt 0:00:46]} bxa4 {[%emt 0:00:02]} 22. Nd2 {[%emt 0:00:16]} d5 {[%emt 0:01:57]} 23. fxe5 {[%emt 0:02:41]} Nxe4 {[%emt 0:00:35]} 24. Nxe4 {[%emt 0:05:15]} dxe4 {[%emt 0:00:08]} 25. Bxa6 {[%emt 0:00:04]} Qc6 {[%emt 0:05:10]} 26. Bb5 Qe6 {[%emt 0:00:19]} 27. Bxa4 {[%emt 0:03:24]} Rxd1+ {[%emt 0:02:40]} 28. Rxd1 {[%emt 0:00:08]} Rd8 {[%emt 0:00:09]} 29. Rxd8+ {[%emt 0:01:59]} Bxd8 {[%emt 0:00:13]} 30. Bb3 {[%emt 0:00:19]} Bd5 31. Bxd5 {[%emt 0:01:37]} Qxd5 {[%emt 0:00:39]} 32. Qg4+ {[%emt 0:00:04]} Kb7 {[%emt 0:00:25]} 33. e6 fxe6 {[%emt 0:02:03]} 34. Qxg6 {[%emt 0:02:12]} Kc6 {[%emt 0:01:58]} 35. Qe8+ {[%emt 0:01:37]} Kb7 {[%emt 0:00:20]} 36. Qa4 {[%emt 0:00:28]} Bf6 {[%emt 0:00:44]} 37. h3 {[%emt 0:02:53]} Qe5 {[%emt 0:00:53]} 38. Qd7+ {[%emt 0:00:31]} Kb8 {[%emt 0:00:25]} 39. c3 {[%emt 0:00:26]} Qd5 {[%emt 0:00:36]} 40. Bf4+ {[%emt 0:00:26]} 1-0